000 01047cam a2200289 4500
008 090401t1991 xxu||||| |||| 00| 0 eng d
020 _a0854064168
035 _a(Sirsi) u48435
041 _aeng
050 _a630.026
090 _a630.026
090 _aRICS 1991/2ABCD
100 _aHamilton, R.N.D.
245 _aAgricultural Land Tribunals succession decisions : abstracts and commentaries
250 _a2nd ed.
260 _aLondon
_bRICS Books
_c1991
300 _aLooseleaf ; 23cm.
350 _a29.95
520 _aThis edition was re-issued in November 1991 after errors were discovered in the first printing. The copy at 1991/2Aa is the uncorrected version. The imprint does not indicate that the edition was corrected, nor is there any record of what the errors were.
650 _aAGRICULTURAL LAND TRIBUNAL
650 _aALT SUCCESSION DECISIONS
690 _aRURAL PRACTICE
700 _aTroup, Donald
_xEditor
710 _aRoyal Institution of Chartered Surveyors
_94900
942 _n0
948 _c04/03/1997
999 _c92338
_d92338